|
|
|
|
| LEADER |
00000ntm a22000007u 4500 |
| 001 |
zp20264 |
| 041 |
|
|
|a cze
|
| 100 |
1 |
|
|a Kvasničková, Zuzana
|4 dis
|
| 245 |
1 |
0 |
|a Kvalita života dialyzovaných pacientů
|
| 246 |
|
|
|a Quality of Life of Dialyzed Patients
|
| 260 |
|
|
|c 2011
|
| 300 |
|
|
|a 81 s. (13 033 znaků)
|
| 500 |
|
|
|a Studijní obor: Všeobecná sestra
|
| 500 |
|
|
|a Studijní obor: General Nurse
|
| 500 |
|
|
|a Ústav: Ústav ošetřovatelství
|
| 500 |
|
|
|a Univerzita Tomáše Bati ve Zlíně. Fakulta humanitních studií
|
| 500 |
|
|
|a Tomas Bata University in Zlín. Faculty of Humanities
|
| 506 |
|
|
|a Bez omezení
|
| 653 |
|
|
|a Klíčová slova: Očišťovací metody krve
|
| 653 |
|
|
|a hemodialýza
|
| 653 |
|
|
|a volný čas
|
| 653 |
|
|
|a životospráva
|
| 653 |
|
|
|a dialyzační centra
|
| 653 |
|
|
|a AV shunt
|
| 653 |
|
|
|a Key words: methods of blood purification
|
| 653 |
|
|
|a hemodialysis
|
| 653 |
|
|
|a leisure time
|
| 653 |
|
|
|a lifestyle
|
| 653 |
|
|
|a dialysis centers
|
| 653 |
|
|
|a the AV shunt
|
| 655 |
|
4 |
|a bakalářská práce
|
| 700 |
1 |
|
|a Topičová, Petra
|4 ths
|
| 710 |
2 |
|
|a Univerzita Tomáše Bati ve Zlíně. Fakulta humanitních studií
|4 dgg
|
| 710 |
2 |
|
|a Tomas Bata University in Zlín. Faculty of Humanities
|4 dgg
|
| 856 |
4 |
0 |
|u http://hdl.handle.net/10563/16666
|y Plný text v Digitální knihovně UTB
|